LEADER 00807nam a2200217 i 4500 001 000000200933 003 CaOOAMICUS 005 20110415000000.0 008 110415s1999 it u000 u ita u 013 $a179634 040 $aSeMil$bita 240 10$a50 anni al vertice.$0(OLS)http://semarc/title/290686 245 10$aCinquant'anni al vertice. 260 $aValmadrera :$bClub Alpino Italiano,$cstampa 1999. 300 $a303 p. :$bill. ;$c35 cm. 650 4$aAlpinismo.$0(OLS)http://semarc/subject/10440 850 $aSeMil 852 $aSeMil$W1$xVenegono$y1$m4Y VII 90$j151462$B151462$CSeMilBibl$Z2$F169787 $81 961 $aOmaggio: Altro 996 $6245$aCinquant'anni al vertice$9(OLS)http://semarc/title/290685 996 $6260$aValmadrera :$bClub Alpino Italiano$9(OLS)http://semarc/publisher/51543 LEADER 01511nam a2200217 i 4500 001 000000080354 003 CaOOAMICUS 005 20180122000000.0 008 180122s1820 it u000 u ita u 013 $a52592 026 $aedi- a-he a.i- diQu (3) 1820 (A) 040 $aSeMil$bita 245 10$aFrammenti storici riguardanti gli orrori della rivoluzione di Francia dall'epoca della condanna a morte di Luigi 14. fino agli ultimi giorni del Pontefice Pio 6. Estratti dall'opera intitolata Memorie per servire alla storia ecclesiastica del secolo 18., divisa in due tomi e stamapta in Parigi 1806. Versione dal francese del conte Francesco Pertusanti .. 260 $aMilano :$bCo' tipi di Gio. Pirotta,$c1820. 300 $a[4], 179, [1] p. ;$c8°. 700 1 $aPertusati, Francesco,$d<1741-1823>.$0(OLS)http://semarc/name/13872 700 1 $aPirotta, Giovanni,$c.$0(OLS)http://semarc/name/2725 850 $aSeMil 852 $aSeMil$W1$xVenegono$y1$m3U III 10 FA$j45858$B45858$CSeMilBibl$Z2$F47951 $8I 996 $6245$aFrammenti storici riguardanti gli orrori della rivoluzione di Francia dall'epoca della condanna a morte di Luigi 14. fino agli ultimi giorni del Pontefice Pio 6. Estratti dall'opera intitolata Memorie per servire alla storia ecclesiastica del secolo 18., divisa in due tomi e stamapta in Parigi 1806. Versione dal francese del conte Francesco Pertusanti ..$9(OLS)http://semarc/title/403882 996 $6260$aMilano :$bCo' tipi di Gio. Pirotta$9(OLS)http://semarc/publisher/56506